000 00681nam a22001937a 4500
005 20251108172307.0
008 250721s9999 xx 000 0 ara d
082 1 4 _a956.47/حسن
100 1 _aأبو سمور، حسن
245 1 0 _aبئر السبع :
_bقصة مدينة /
264 1 _aعمان :
_bالمنظمة العربية للتربية و الثقافة و العلوم - منظمة التحرير الفلسطينية - دائرة الثقافة،
_c[19-].
300 _a80ص
490 0 _aسلسلة المدن الفلسطينية ؛ 8
650 1 7 _aبئر السبع
650 1 7 _aتاريخ
650 1 7 _aتاريخ
942 _2ddc
_cBK
999 _c75367
_d75367